000 00581nam a22001937a 4500
005 20250529141932.0
010 _aENG-144999
020 _c300.00
035 _aEN-128531
037 _bDBAD
082 _a618
100 _aKulkarni,P.H.
_981435
245 _aPrasuti Tantra
_cP.H. Kulkarni
_bThe Obstetrics in Ayurveda
260 _aKothrud
_cDeerghaya International
_b2018
270 _a36,Kothrud Gaothan Near Mhatoba Mandir,Bodhi Vruksha,Navgraha Hanuman Madir
_bpune
_e411038
300 _a172p.
_c21(pb)
760 _b1
942 _2ddc
_cEN
_h618
_mKUL
999 _c211437
_d211437